[Event "nurmalso leisure kings gambit"]
[Site "SchemingMind.com"]
[Date "2018.02.15"]
[Round "-"]
[White "Krolewna"]
[Black "ArtistDude"]
[Result "1-0"]
[WhiteCountry "POL"]
[BlackCountry "USA"]
[WhiteElo "1915"]
[WhiteRD "80"]
[BlackElo "1830"]
[BlackRD "106"]
[GameID "424654"]

1. e4 e5 2. f4 exf4 3. Nf3 g5 4. h4 g4 5. Ne5 Nf6 6. Bc4 d5 7. exd5 Bd6 8. d4 Nh5 9. O-O Qxh4 10. Qe1 g3
11. Ng6+
1-0